[Event "Colombia ch 2009"]
[Site "Buga COL"]
[Date "2009.06.03"]
[Round "1.1"]
[White "Barrientos, Sergio E"]
[Black "Lotero, Faiber"]
[Result "1-0"]
[WhiteElo "2456"]
[BlackElo "2088"]
[PlyCount "67"]
[EventDate "2009.06.03"]
[EventType "tourn"]
[EventRounds "9"]
[EventCountry "COL"]
[EventCategory "1"]
[Source "lmi"]
[SourceDate "2009.06.03"]

1. e4 d5 2. exd5 Nf6 3. Bb5+ Bd7 4. Be2 Bf5 5. Nf3 Qxd5 6. d4 e6 7. O-O c6 8.
c4 Qa5 9. a3 Be7 10. Nc3 O-O 11. Bf4 Nbd7 12. b4 Qd8 13. Qb3 Ne4 14. Nxe4 Bxe4
15. Rfd1 Nf6 16. Ne5 Nd7 17. a4 Nxe5 18. Bxe5 Rc8 19. h3 Bf6 20. Qe3 Bf5 21.
Bf3 Re8 22. c5 Bc2 23. Re1 Bxe5 24. dxe5 Qd3 25. Qxd3 Bxd3 26. Red1 Red8 27.
Rac1 Kf8 28. b5 Ke7 29. Rc3 Bg6 30. Rd6 cxb5 31. axb5 b6 32. cxb6 Rxc3 33. bxa7
Ra3 34. b6 1-0

[Event "Colombia ch 2009"]
[Site "Buga COL"]
[Date "2009.06.03"]
[Round "1.3"]
[White "Zuluaga, Cesar"]
[Black "Mateus, Alejandro"]
[Result "0-1"]
[WhiteElo "2314"]
[BlackElo "2220"]
[PlyCount "84"]
[EventDate "2009.06.03"]
[EventType "tourn"]
[EventRounds "9"]
[EventCountry "COL"]
[EventCategory "1"]
[Source "lmi"]
[SourceDate "2009.06.03"]

1. d4 e6 2. Nf3 c5 3. e3 Nf6 4. Bd3 b6 5. O-O Bb7 6. Nbd2 cxd4 7. exd4 Be7 8.
Re1 O-O 9. c3 d6 10. Nf1 Qc7 11. Ng3 Bc6 12. Bf4 Qb7 13. a4 Bxf3 14. gxf3 Nbd7
15. Ne4 d5 16. Ng3 Rfe8 17. Qe2 a6 18. h4 Nf8 19. h5 h6 20. Kh1 N6h7 21. Bd2 f5
22. Rg1 Kh8 23. Bf4 Bg5 24. Be5 f4 25. Nf1 Qf7 26. Bxa6 Qxh5+ 27. Nh2 Ng6 28.
Bb5 Rf8 29. Bc7 Nh4 30. Bxb6 Bd8 31. Bxd8 Raxd8 32. Qe5 Ng5 33. Be2 Rf5 34. Qc7
Rg8 35. Rad1 Nh3 36. Rdf1 Rg5 37. Rg4 Nf5 38. a5 Qg6 39. a6 h5 40. a7 hxg4 41.
fxg4 Nh4 42. f3 Qc2 0-1

[Event "Colombia ch 2009"]
[Site "Buga COL"]
[Date "2009.06.03"]
[Round "1.4"]
[White "Beltran, Carlos Armando"]
[Black "Sanchez, Victor Hugo"]
[Result "1/2-1/2"]
[WhiteElo "2265"]
[BlackElo "2251"]
[PlyCount "117"]
[EventDate "2009.06.03"]
[EventType "tourn"]
[EventRounds "9"]
[EventCountry "COL"]
[EventCategory "1"]
[Source "lmi"]
[SourceDate "2009.06.03"]

1. Nf3 Nf6 2. d4 g6 3. Bg5 Bg7 4. Nbd2 d6 5. e3 O-O 6. Be2 Nbd7 7. O-O e5 8.
Ne4 h6 9. Nxf6+ Nxf6 10. Bh4 Qe8 11. Bg3 Ne4 12. dxe5 Nxg3 13. hxg3 dxe5 14.
Qd5 Qe7 15. Rfd1 Qb4 16. Qb3 Qxb3 17. axb3 Bf5 18. c3 a6 19. b4 Rfd8 20. Kf1
Kf8 21. Ke1 Ke7 22. Rxd8 Rxd8 23. Ra5 Be4 24. g4 Rd5 25. Ra3 Rd6 26. g3 c6 27.
Nd2 Bd5 28. Bc4 Bg2 29. Be2 Rd8 30. Ra5 f5 31. gxf5 gxf5 32. Bh5 Bd5 33. Bf3
Be6 34. e4 f4 35. g4 Kf6 36. Be2 Re8 37. c4 Bf8 38. Ra4 Rd8 39. Nb3 f3 40. Bxf3
Bxc4 41. Nc5 Bb5 42. Ra1 b6 43. Nxa6 Ra8 44. Be2 Bxb4+ 45. Kf1 Bxe2+ 46. Kxe2
Ke7 47. Ra2 Bc5 48. Nb4 Rxa2 49. Nxa2 Bd4 50. b3 Kd6 51. Nc1 Kc5 52. Nd3+ Kb5
53. f4 exf4 54. e5 c5 55. Kf3 c4 56. bxc4+ Kxc4 57. e6 Bf6 58. Ne5+ Kd5 59. Nd7
1/2-1/2

[Event "Colombia ch 2009"]
[Site "Buga COL"]
[Date "2009.06.03"]
[Round "1.5"]
[White "Castaño, Duvan Martin"]
[Black "Ramirez, Carlos"]
[Result "1-0"]
[WhiteElo "2265"]
[BlackElo "2262"]
[PlyCount "101"]
[EventDate "2009.06.03"]
[EventType "tourn"]
[EventRounds "9"]
[EventCountry "COL"]
[EventCategory "1"]
[Source "lmi"]
[SourceDate "2009.06.03"]

1. e4 c5 2. d3 e6 3. Nd2 d5 4. Ngf3 Nc6 5. g3 Bd6 6. Bg2 Nge7 7. O-O O-O 8. Nh4
g5 9. Nhf3 Ng6 10. Ne1 d4 11. Qh5 e5 12. Ndf3 f6 13. h4 gxh4 14. Nxh4 Nxh4 15.
Qxh4 Kh8 16. Bh6 Rg8 17. Bh3 Bxh3 18. Qxh3 Qc8 19. Qh4 Be7 20. Qh5 Qg4 21. Qxg4
Rxg4 22. Kg2 c4 23. Rh1 cxd3 24. cxd3 Rc8 25. Rc1 Rgg8 26. Kf3 Bf8 27. Bd2 Bd6
28. Ng2 Ne7 29. Nh4 Rxc1 30. Rxc1 Rc8 31. Rxc8+ Nxc8 32. Kg4 Kg8 33. f4 Kf7 34.
fxe5 fxe5 35. b3 Ke6 36. Kh5 Kf7 37. Kh6 Kg8 38. Nf3 a6 39. Bc1 Nb6 40. Kg5 Nd7
41. Kf5 Nc5 42. Ba3 Nxe4 43. Bxd6 Nxd6+ 44. Kxe5 Nb5 45. Nxd4 Nc3 46. a4 Na2
47. Kd6 Nc1 48. Kc7 b5 49. a5 Nxd3 50. Kb6 Nb4 51. Nc6 1-0

[Event "Colombia ch 2009"]
[Site "Buga COL"]
[Date "2009.06.04"]
[Round "2.1"]
[White "Lotero, Faiber"]
[Black "Ramirez, Carlos"]
[Result "1-0"]
[WhiteElo "2088"]
[BlackElo "2262"]
[PlyCount "87"]
[EventDate "2009.06.03"]
[EventType "tourn"]
[EventRounds "9"]
[EventCountry "COL"]
[EventCategory "1"]
[Source "lmi"]
[SourceDate "2009.06.03"]

1. e4 e6 2. d4 d5 3. Nd2 c5 4. exd5 Qxd5 5. Ngf3 cxd4 6. Bc4 Qd6 7. O-O Nf6 8.
Nb3 Nc6 9. Nbxd4 Nxd4 10. Nxd4 a6 11. Bb3 Be7 12. c3 O-O 13. Qf3 Rd8 14. Re1
Qc7 15. Bg5 Nd5 16. Bxe7 Nxe7 17. Re4 Bd7 18. Qh5 Ng6 19. Bc2 e5 20. Nf3 Bc6
21. Rh4 Nxh4 22. Qxh7+ Kf8 23. Nxh4 Bd5 24. Re1 Be6 25. Qh8+ Ke7 26. Qxg7 Kd7
27. Nf3 Kc8 28. Rxe5 Bxa2 29. h4 Kb8 30. h5 Ka7 31. h6 Qb6 32. h7 Qxb2 33. Be4
Be6 34. Kh2 Qxc3 35. Bxb7 Kxb7 36. Rb5+ axb5 37. Qxc3 Rdc8 38. Qe5 Kb6 39. Nd4
Bc4 40. g4 Rh8 41. Qd6+ Ka5 42. Nc6+ Kb6 43. Nd8+ Ka5 44. Qa3+ 1-0

[Event "Colombia ch 2009"]
[Site "Buga COL"]
[Date "2009.06.04"]
[Round "2.2"]
[White "Sanchez, Victor Hugo"]
[Black "Castaño, Duvan Martin"]
[Result "0-1"]
[WhiteElo "2251"]
[BlackElo "2265"]
[PlyCount "102"]
[EventDate "2009.06.03"]
[EventType "tourn"]
[EventRounds "9"]
[EventCountry "COL"]
[EventCategory "1"]
[Source "lmi"]
[SourceDate "2009.06.03"]

1. e4 c5 2. Nf3 e6 3. d4 cxd4 4. Nxd4 Nf6 5. Nc3 d6 6. Be3 Nc6 7. Be2 Be7 8.
O-O O-O 9. f4 a6 10. Qe1 Qc7 11. Qg3 Nxd4 12. Bxd4 b5 13. a3 Bb7 14. Rae1 Rfd8
15. Kh1 Bc6 16. Bd3 Qb7 17. Qh3 g6 18. f5 e5 19. Be3 Nxe4 20. Nxe4 Bxe4 21. f6
Bf8 22. Bxe4 Qxe4 23. Bh6 Qc4 24. Bxf8 Kxf8 25. Qxh7 Ke8 26. Rf3 Kd7 27. Qh6
Rh8 28. Qd2 Rae8 29. h3 Rh4 30. Qa5 Qc6 31. Qd2 Rd4 32. Qf2 Qd5 33. Re2 Rd1+
34. Re1 Rxe1+ 35. Qxe1 e4 36. Rc3 Re6 37. Qf2 Qb7 38. Qd4 Re5 39. Re3 Ke6 40.
Qb4 Qd5 41. Qa5 Qd1+ 42. Re1 Qxc2 43. Qd8 Qf2 44. Rd1 d5 45. Qe7+ Kf5 46. Qxf7
e3 47. Qa7 Kxf6 48. Rc1 Kg5 49. Qc7 Qf6 50. Rc6 e2 51. h4+ Kxh4 0-1

[Event "Colombia ch 2009"]
[Site "Buga COL"]
[Date "2009.06.04"]
[Round "2.3"]
[White "Mateus, Alejandro"]
[Black "Beltran, Carlos Armando"]
[Result "1/2-1/2"]
[WhiteElo "2220"]
[BlackElo "2265"]
[PlyCount "91"]
[EventDate "2009.06.03"]
[EventType "tourn"]
[EventRounds "9"]
[EventCountry "COL"]
[EventCategory "1"]
[Source "lmi"]
[SourceDate "2009.06.03"]

1. e4 e6 2. d4 d5 3. Nd2 c5 4. exd5 Qxd5 5. dxc5 Bxc5 6. Ngf3 Nf6 7. Bc4 Qd8 8.
Qe2 O-O 9. O-O Nbd7 10. Nb3 Be7 11. Rd1 Qb6 12. a4 Nc5 13. a5 Qc6 14. Nbd4 Qe4
15. Qf1 Qg6 16. Ne5 Qh5 17. Bf4 g5 18. Be2 Qh6 19. Bc1 Qg7 20. Nd3 Nxd3 21.
Bxd3 Rd8 22. Nf3 g4 23. Ne5 Nd7 24. Nc4 Nc5 25. Be3 Nxd3 26. Rxd3 Bd7 27. Rad1
Bb5 28. Rxd8+ Rxd8 29. Rxd8+ Bxd8 30. Qd1 Bc7 31. Nd6 Bc6 32. Nc8 f5 33. Nxa7
Be4 34. Nb5 Bxh2+ 35. Kxh2 Qe5+ 36. Kg1 Qxb5 37. Qd8+ Kf7 38. Bd4 Qd5 39. Qf6+
Ke8 40. Qh8+ Kd7 41. Qxh7+ Kc6 42. Bb6 Qd1+ 43. Kh2 Qd6+ 44. Kg1 Bxc2 45. Qh8
Be4 46. Qc3+ 1/2-1/2

[Event "Colombia ch 2009"]
[Site "Buga COL"]
[Date "2009.06.04"]
[Round "2.5"]
[White "Barrientos, Sergio E"]
[Black "Morales, Jhon Alexander"]
[Result "1-0"]
[WhiteElo "2456"]
[BlackElo "2316"]
[PlyCount "55"]
[EventDate "2009.06.03"]
[EventType "tourn"]
[EventRounds "9"]
[EventCountry "COL"]
[EventCategory "1"]
[Source "lmi"]
[SourceDate "2009.06.03"]

1. e4 c5 2. Nf3 e6 3. d4 cxd4 4. Nxd4 a6 5. c4 Nf6 6. Nc3 Qc7 7. a3 b6 8. Be3
d6 9. Be2 Bb7 10. f3 Be7 11. O-O O-O 12. Qd2 Nbd7 13. Rfc1 Rac8 14. b4 Qb8 15.
Kh1 h5 16. Bf2 h4 17. h3 Ne5 18. Na4 Bd8 19. c5 dxc5 20. bxc5 b5 21. Nb6 Rxc5
22. Rxc5 Bxb6 23. Rcc1 Rd8 24. Qb2 Bxe4 25. Rd1 Qa7 26. Nxe6 Rxd1+ 27. Rxd1
Bxf2 28. Qxe5 1-0

[Event "Colombia ch 2009"]
[Site "Buga COL"]
[Date "2009.06.04"]
[Round "3.1"]
[White "Morales, Jhon Alexander"]
[Black "Lotero, Faiber"]
[Result "1/2-1/2"]
[WhiteElo "2316"]
[BlackElo "2088"]
[PlyCount "91"]
[EventDate "2009.06.03"]
[EventType "tourn"]
[EventRounds "9"]
[EventCountry "COL"]
[EventCategory "1"]
[Source "lmi"]
[SourceDate "2009.06.03"]

1. e4 e5 2. Nf3 Nc6 3. Bb5 f5 4. Nc3 fxe4 5. Nxe4 d5 6. Nxe5 dxe4 7. Nxc6 Qg5
8. Qe2 Nf6 9. f4 Qxf4 10. d4 Qh4+ 11. g3 Qh3 12. Ne5+ c6 13. Bc4 Be6 14. Bf4
Be7 15. O-O-O O-O 16. Bg5 Bd6 17. Kb1 Kh8 18. Bxe6 Qxe6 19. Bxf6 gxf6 20. Nc4
f5 21. Nxd6 Qxd6 22. Rhf1 Rae8 23. Qe3 a5 24. c3 a4 25. a3 b5 26. Rd2 Kg7 27.
Rdf2 Qg6 28. Rf4 h5 29. Kc2 Rd8 30. Kc1 Qe6 31. Kb1 Rd5 32. h3 c5 33. g4 cxd4
34. cxd4 Kh7 35. Ka1 Rf7 36. R1f2 Kh8 37. gxf5 Rdxf5 38. d5 Rxd5 39. Qc3+ Kg8
40. Rg2+ Kh7 41. Rg1 Rd3 42. Rxf7+ Qxf7 43. Qc6 Rd5 44. Re1 e3 45. Qc2+ Qg6 46.
Qc7+ 1/2-1/2

[Event "Colombia ch 2009"]
[Site "Buga COL"]
[Date "2009.06.04"]
[Round "3.2"]
[White "Zuluaga, Cesar"]
[Black "Barrientos, Sergio E"]
[Result "1-0"]
[WhiteElo "2314"]
[BlackElo "2456"]
[PlyCount "105"]
[EventDate "2009.06.03"]
[EventType "tourn"]
[EventRounds "9"]
[EventCountry "COL"]
[EventCategory "1"]
[Source "lmi"]
[SourceDate "2009.06.03"]

1. d4 e6 2. Nf3 c5 3. e3 Nf6 4. Bd3 b6 5. O-O Bb7 6. Nbd2 Be7 7. b3 O-O 8. Bb2
Nc6 9. a3 Rc8 10. Qe2 d5 11. Ne5 cxd4 12. exd4 Nxe5 13. dxe5 Nd7 14. b4 a5 15.
Qg4 Re8 16. Rab1 axb4 17. axb4 f5 18. exf6 Bxf6 19. Nf3 e5 20. Bf5 Rc4 21. Qg3
e4 22. Bxd7 Qxd7 23. Bxf6 exf3 24. Rfe1 Rce4 25. Rxe4 dxe4 26. Bb2 h6 27. gxf3
exf3 28. Kh1 Re7 29. Rg1 Be4 30. Qb8+ Kh7 31. Qxb6 Bxc2 32. Qd4 Qb7 33. Qc5 Bg6
34. h3 Qd7 35. Kh2 Re2 36. Bd4 Re4 37. Bb2 Re2 38. Bd4 Rd2 39. Be3 Rd5 40. Qb6
Qf5 41. Qc7 Re5 42. Qc3 Re4 43. Qc5 Re5 44. Qc3 Qe6 45. Rg3 Rd5 46. Bd4 Qd7 47.
Be3 Rd1 48. Bc5 Rd3 49. Qe5 Rb3 50. Qd6 Qf5 51. Qf8 Qd3 52. Qd6 Qc2 53. Bd4 1-0

[Event "Colombia ch 2009"]
[Site "Buga COL"]
[Date "2009.06.04"]
[Round "3.3"]
[White "Beltran, Carlos Armando"]
[Black "Ruiz Aguilar, Pablo Alexander"]
[Result "1/2-1/2"]
[WhiteElo "2265"]
[BlackElo "2212"]
[PlyCount "108"]
[EventDate "2009.06.03"]
[EventType "tourn"]
[EventRounds "9"]
[EventCountry "COL"]
[EventCategory "1"]
[Source "lmi"]
[SourceDate "2009.06.03"]

1. Nf3 Nf6 2. d4 d5 3. c4 c6 4. e3 g6 5. Nc3 Bg7 6. Be2 O-O 7. O-O Nbd7 8. cxd5
cxd5 9. Qb3 Nb6 10. a4 a5 11. Bd2 Bg4 12. Rfc1 Bxf3 13. Bxf3 Nc4 14. Be1 e6 15.
Nb5 Qb6 16. Qa2 Nd6 17. Nxd6 Qxd6 18. Rc2 Qd7 19. Rac1 Rfc8 20. Qb3 Rxc2 21.
Qxc2 b5 22. b3 Bf8 23. Be2 bxa4 24. bxa4 Ba3 25. Bb5 Qd8 26. Ra1 Bd6 27. g3 h5
28. Qc6 h4 29. Rc1 Kg7 30. Ba6 Ra7 31. Qb5 Bc7 32. Bb7 Ne4 33. Bc6 Qg5 34. Qe2
hxg3 35. hxg3 Qf5 36. Bb5 Qh3 37. Bd3 Nf6 38. Qf3 e5 39. Bf1 Qe6 40. dxe5 Bxe5
41. Rc5 d4 42. Rc6 Qb3 43. Rc5 Bd6 44. Rb5 Qa3 45. Kg2 Bb4 46. Bxb4 axb4 47.
Bc4 Qc3 48. Rb6 dxe3 49. Qxe3 Rxa4 50. Qe7 Qxc4 51. Qxf6+ Kh7 52. Rb8 Qd5+ 53.
Kh2 Qh5+ 54. Kg2 Qd5+ 1/2-1/2

[Event "Colombia ch 2009"]
[Site "Buga COL"]
[Date "2009.06.04"]
[Round "3.4"]
[White "Castaño, Duvan Martin"]
[Black "Mateus, Alejandro"]
[Result "1-0"]
[WhiteElo "2265"]
[BlackElo "2220"]
[PlyCount "61"]
[EventDate "2009.06.03"]
[EventType "tourn"]
[EventRounds "9"]
[EventCountry "COL"]
[EventCategory "1"]
[Source "lmi"]
[SourceDate "2009.06.03"]

1. e4 c5 2. Nc3 Nc6 3. f4 g6 4. Nf3 Bg7 5. Bb5 Nd4 6. O-O Nxb5 7. Nxb5 a6 8.
Nc3 e6 9. f5 Ne7 10. Nh4 Nxf5 11. Nxf5 exf5 12. exf5 O-O 13. Qf3 Bd4+ 14. Kh1
d6 15. f6 Bxc3 16. dxc3 Bf5 17. Bg5 Re8 18. Rae1 Re5 19. Qf4 Qe8 20. Qh4 Bxc2
21. Bf4 Re4 22. Rxe4 Bxe4 23. Kg1 Rd8 24. Re1 d5 25. c4 Qf8 26. h3 Re8 27. cxd5
Bxd5 28. Re7 Rc8 29. Bd6 h5 30. Qg5 Bc6 31. Re8 1-0

[Event "Colombia ch 2009"]
[Site "Buga COL"]
[Date "2009.06.04"]
[Round "3.5"]
[White "Ramirez, Carlos"]
[Black "Sanchez, Victor Hugo"]
[Result "0-1"]
[WhiteElo "2262"]
[BlackElo "2251"]
[PlyCount "46"]
[EventDate "2009.06.03"]
[EventType "tourn"]
[EventRounds "9"]
[EventCountry "COL"]
[EventCategory "1"]
[Source "lmi"]
[SourceDate "2009.06.03"]

1. d4 Nf6 2. c4 g6 3. Nc3 Bg7 4. e4 d6 5. f3 O-O 6. Bg5 h6 7. Be3 e5 8. d5 Nh5
9. Qd2 Kh7 10. Nge2 f5 11. O-O-O Na6 12. Kb1 Nc5 13. Bxc5 dxc5 14. d6 Be6 15.
dxc7 Qxc7 16. Nb5 Qb8 17. Nec3 a6 18. Qd6 axb5 19. Qxe6 b4 20. Nb5 fxe4 21.
fxe4 Rf2 22. Qe7 Qf8 23. Qxb7 Rxb2+ 0-1

[Event "Colombia ch 2009"]
[Site "Buga COL"]
[Date "2009.06.05"]
[Round "4.1"]
[White "Lotero, Faiber"]
[Black "Sanchez, Victor Hugo"]
[Result "1/2-1/2"]
[WhiteElo "2088"]
[BlackElo "2251"]
[PlyCount "78"]
[EventDate "2009.06.03"]
[EventType "tourn"]
[EventRounds "9"]
[EventCountry "COL"]
[EventCategory "1"]
[Source "lmi"]
[SourceDate "2009.06.03"]

1. e4 c5 2. Nf3 Nc6 3. d4 cxd4 4. Nxd4 Nf6 5. Nc3 d6 6. Bc4 Qb6 7. Nde2 e6 8.
Bb3 Be7 9. O-O a6 10. Nf4 O-O 11. Nh5 Na5 12. Bg5 Qc5 13. Nxf6+ Bxf6 14. Bxf6
gxf6 15. Re1 Kh8 16. Qd2 Rd8 17. e5 Rg8 18. Qh6 Rg6 19. Qf8+ Rg8 20. Qxf7 fxe5
21. Re3 d5 22. Qf6+ Rg7 23. Rg3 Qe7 24. Qxe5 Nc6 25. Qxg7+ Qxg7 26. Rxg7 Kxg7
27. Re1 Kf6 28. f4 b5 29. g4 Ra7 30. Kf2 b4 31. Ne2 Rc7 32. g5+ Kf5 33. c4 bxc3
34. Bc2+ Kg4 35. Rg1+ Kh4 36. bxc3 e5 37. g6 hxg6 38. Rxg6 exf4 39. Nxf4 Ne5
1/2-1/2

[Event "Colombia ch 2009"]
[Site "Buga COL"]
[Date "2009.06.05"]
[Round "4.2"]
[White "Mateus, Alejandro"]
[Black "Ramirez, Carlos"]
[Result "0-1"]
[WhiteElo "2220"]
[BlackElo "2262"]
[PlyCount "74"]
[EventDate "2009.06.03"]
[EventType "tourn"]
[EventRounds "9"]
[EventCountry "COL"]
[EventCategory "1"]
[Source "lmi"]
[SourceDate "2009.06.03"]

1. e4 c6 2. c4 d5 3. exd5 cxd5 4. cxd5 Nf6 5. Bb5+ Nbd7 6. Nc3 g6 7. Nf3 Bg7 8.
d3 O-O 9. Bc4 b6 10. O-O Bb7 11. Re1 b5 12. Nxb5 Nxd5 13. Bg5 N7b6 14. Qb3 Qd7
15. a4 a5 16. Na3 Nxa4 17. Bb5 Nc5 18. Qc2 Qc7 19. d4 Ne6 20. Qxc7 Ndxc7 21.
Bxe7 Rfb8 22. Be2 Bd5 23. Nc4 Nxd4 24. Nxd4 Bxd4 25. Bd6 Bxc4 26. Bxc4 Rxb2 27.
Bxc7 Bxf2+ 28. Kf1 Bxe1 29. Rxe1 Rc2 30. Bd5 Rc8 31. Bf4 R2c5 32. Re5 a4 33.
Be3 R5c7 34. Re4 Rd7 35. Bc4 a3 36. Ke1 Rb7 37. Kd1 Rb1+ 0-1

[Event "Colombia ch 2009"]
[Site "Buga COL"]
[Date "2009.06.05"]
[Round "4.3"]
[White "Ruiz Aguilar, Pablo Alexander"]
[Black "Castaño, Duvan Martin"]
[Result "0-1"]
[WhiteElo "2212"]
[BlackElo "2265"]
[PlyCount "86"]
[EventDate "2009.06.03"]
[EventType "tourn"]
[EventRounds "9"]
[EventCountry "COL"]
[EventCategory "1"]
[Source "lmi"]
[SourceDate "2009.06.03"]

1. e4 c5 2. Nf3 e6 3. d4 cxd4 4. Nxd4 Nf6 5. Nc3 d6 6. g3 a6 7. Bg2 Be7 8. O-O
O-O 9. Be3 Qc7 10. h3 Nbd7 11. Kh2 Rb8 12. f4 b5 13. e5 dxe5 14. Nc6 Bd6 15.
Nxb8 Qxb8 16. fxe5 Nxe5 17. Bf4 Bc7 18. Qe2 b4 19. Ne4 Nd5 20. Bd2 Bd7 21. a4
bxa3 22. b3 Ng6 23. c4 Nde7 24. Qd3 Bc6 25. Be1 Rd8 26. Qc2 Nf5 27. Rxf5 exf5
28. Nf6+ gxf6 29. Bxc6 f4 30. g4 Qb6 31. Bd5 Qe3 32. Rd1 Bb6 33. Qg2 f3 34. Qf1
Nf4 35. Bg3 Qe2+ 36. Qxe2 fxe2 37. Ra1 Nxd5 38. cxd5 Rxd5 39. Kg2 Rd1 40. Rxa3
Rg1+ 41. Kf3 Rxg3+ 42. Kxe2 Rxh3 43. Rxa6 Rxb3 0-1

[Event "Colombia ch 2009"]
[Site "Buga COL"]
[Date "2009.06.05"]
[Round "4.4"]
[White "Barrientos, Sergio E"]
[Black "Beltran, Carlos Armando"]
[Result "1-0"]
[WhiteElo "2456"]
[BlackElo "2265"]
[PlyCount "45"]
[EventDate "2009.06.03"]
[EventType "tourn"]
[EventRounds "9"]
[EventCountry "COL"]
[EventCategory "1"]
[Source "lmi"]
[SourceDate "2009.06.03"]

1. e4 e6 2. d4 d5 3. Nc3 dxe4 4. Nxe4 Bd7 5. Nf3 Bc6 6. Ng3 Nd7 7. Bd3 Ngf6 8.
O-O Bd6 9. Re1 Bxf3 10. Qxf3 c6 11. Nf5 Bf8 12. Bf4 Qa5 13. c4 O-O-O 14. Nd6+
Bxd6 15. Bxd6 Qh5 16. Qe3 Nb6 17. Bg3 Rd7 18. Qf4 Kd8 19. d5 cxd5 20. c5 Nc8
21. Bb5 Re7 22. Qb8 a6 23. c6 1-0

[Event "Colombia ch 2009"]
[Site "Buga COL"]
[Date "2009.06.05"]
[Round "5.1"]
[White "Zuluaga, Cesar"]
[Black "Lotero, Faiber"]
[Result "1/2-1/2"]
[WhiteElo "2314"]
[BlackElo "2088"]
[PlyCount "87"]
[EventDate "2009.06.03"]
[EventType "tourn"]
[EventRounds "9"]
[EventCountry "COL"]
[EventCategory "1"]
[Source "lmi"]
[SourceDate "2009.06.03"]

1. d4 d5 2. Nf3 Nc6 3. Bf4 Bg4 4. e3 e6 5. c4 Bb4+ 6. Nc3 Nf6 7. Bg5 h6 8. Bxf6
Qxf6 9. cxd5 Bxf3 10. Qxf3 Qxf3 11. gxf3 exd5 12. a3 Bxc3+ 13. bxc3 Na5 14. Rb1
b6 15. Bd3 g6 16. e4 O-O-O 17. e5 Nc6 18. f4 Ne7 19. h4 h5 20. Ke2 Kd7 21. Rbg1
Ke6 22. Rg5 c5 23. Rh3 cxd4 24. cxd4 Nf5 25. Bxf5+ gxf5 26. Rc3 Rc8 27. Rxc8
Rxc8 28. Rxh5 Rc3 29. Rh6+ Ke7 30. Rd6 Rxa3 31. Rxd5 Rh3 32. Rd6 Rxh4 33. Ke3
Rh1 34. Rc6 Re1+ 35. Kf3 Rd1 36. Rc4 Kd7 37. Ke2 Ra1 38. d5 Ra5 39. d6 Rc5 40.
Ra4 a5 41. Ra1 f6 42. exf6 Kxd6 43. Rh1 Ke6 44. Rh7 1/2-1/2

[Event "Colombia ch 2009"]
[Site "Buga COL"]
[Date "2009.06.05"]
[Round "5.2"]
[White "Beltran, Carlos Armando"]
[Black "Morales, Jhon Alexander"]
[Result "1-0"]
[WhiteElo "2265"]
[BlackElo "2316"]
[PlyCount "35"]
[EventDate "2009.06.03"]
[EventType "tourn"]
[EventRounds "9"]
[EventCountry "COL"]
[EventCategory "1"]
[Source "lmi"]
[SourceDate "2009.06.03"]

1. d4 Nf6 2. c4 e6 3. Nc3 Bb4 4. Qc2 O-O 5. a3 Bxc3+ 6. Qxc3 b6 7. Bg5 Bb7 8.
h4 d6 9. Qh3 c5 10. Nf3 cxd4 11. Nxd4 Nbd7 12. e3 d5 13. cxd5 Bxd5 14. Be2 h6
15. Rd1 Re8 16. Bb5 Kf8 17. Bxf6 gxf6 18. e4 1-0

[Event "Colombia ch 2009"]
[Site "Buga COL"]
[Date "2009.06.05"]
[Round "5.3"]
[White "Castaño, Duvan Martin"]
[Black "Barrientos, Sergio E"]
[Result "1-0"]
[WhiteElo "2265"]
[BlackElo "2456"]
[PlyCount "131"]
[EventDate "2009.06.03"]
[EventType "tourn"]
[EventRounds "9"]
[EventCountry "COL"]
[EventCategory "1"]
[Source "lmi"]
[SourceDate "2009.06.03"]

1. e4 c5 2. Nc3 e6 3. f4 a6 4. Nf3 b5 5. d3 Bb7 6. g3 d5 7. e5 Nh6 8. Bg2 Nc6
9. O-O Nf5 10. g4 Nfd4 11. f5 Be7 12. Nxd4 cxd4 13. Ne2 exf5 14. Ng3 O-O 15.
Bf4 fxg4 16. Qxg4 Bc8 17. Nf5 Bxf5 18. Qxf5 Qc8 19. Qh5 Qe6 20. Rae1 Qg6 21.
Qxg6 hxg6 22. Bxd5 Rac8 23. a3 Nd8 24. Re2 Rc5 25. Bb3 Ne6 26. Bd2 Rc7 27. Ref2
Bg5 28. Ba5 Be3 29. Bxe6 Rxc2 30. Bd7 Re2 31. Bc7 Rc2 32. Bd6 Rd8 33. Bh3 Rxb2
34. Kg2 Bxf2 35. Rxf2 Rb3 36. Rd2 f5 37. Kg3 Kf7 38. Bg2 Ke6 39. Bb7 g5 40.
Bxa6 Rxd6 41. exd6 Kxd6 42. a4 bxa4 43. Bc4 Rb7 44. h4 gxh4+ 45. Kxh4 a3 46.
Ra2 Ra7 47. Kg5 Ra5 48. Re2 Re5 49. Rf2 Kc5 50. Kf4 Re8 51. Rg2 Kb4 52. Rxg7
Ra8 53. Rg2 Kc3 54. Ra2 Ra5 55. Kg5 Kb4 56. Rc2 Rc5 57. Kf4 Ra5 58. Ba2 Kb5 59.
Kxf5 Ra8 60. Ke4 Rd8 61. Bd5 Kb4 62. Kxd4 Rh8 63. Rc4+ Kb5 64. Kc3 Rh2 65. Rb4+
Ka5 66. Rb3 1-0

[Event "Colombia ch 2009"]
[Site "Buga COL"]
[Date "2009.06.05"]
[Round "5.5"]
[White "Sanchez, Victor Hugo"]
[Black "Mateus, Alejandro"]
[Result "1-0"]
[WhiteElo "2251"]
[BlackElo "2220"]
[PlyCount "67"]
[EventDate "2009.06.03"]
[EventType "tourn"]
[EventRounds "9"]
[EventCountry "COL"]
[EventCategory "1"]
[Source "lmi"]
[SourceDate "2009.06.03"]

1. e4 c5 2. Nc3 d6 3. f4 Nc6 4. Nf3 e6 5. Bb5 Bd7 6. Bxc6 Bxc6 7. O-O Nf6 8. d3
Be7 9. b3 O-O 10. Bb2 d5 11. Ne5 Be8 12. exd5 Nxd5 13. Qf3 f6 14. Ng4 Bc6 15.
Qg3 Nb4 16. Ne3 Qd7 17. Rae1 Rae8 18. Re2 b6 19. Rfe1 Bd8 20. a3 Nd5 21. Ne4
Kh8 22. Nf2 Bc7 23. Nh3 Ne7 24. Qg4 Ng6 25. Nf1 f5 26. Qg5 Bd8 27. Qh5 Qd6 28.
Rf2 Bh4 29. Ng3 Qd8 30. Ng5 Bxg5 31. fxg5 Qc7 32. Ref1 Ne5 33. Ne2 Ng4 34. Qxg4
1-0

[Event "Colombia ch 2009"]
[Site "Buga COL"]
[Date "2009.06.06"]
[Round "6.1"]
[White "Lotero, Faiber"]
[Black "Mateus, Alejandro"]
[Result "1-0"]
[WhiteElo "2088"]
[BlackElo "2220"]
[PlyCount "41"]
[EventDate "2009.06.03"]
[EventType "tourn"]
[EventRounds "9"]
[EventCountry "COL"]
[EventCategory "1"]
[Source "lmi"]
[SourceDate "2009.06.03"]

1. e4 e5 2. Nf3 d6 3. Bc4 c6 4. d4 Qe7 5. O-O h6 6. c3 Nf6 7. Nbd2 g5 8. Re1
Bg4 9. dxe5 dxe5 10. Nf1 Nbd7 11. Ne3 O-O-O 12. Nxg4 Nxg4 13. Qe2 Ngf6 14. b4
Nh5 15. g3 Bg7 16. a4 Bf6 17. Be3 Kb8 18. Nd2 Ng7 19. Nb3 h5 20. Na5 Nb6 21.
Ba6 1-0

[Event "Colombia ch 2009"]
[Site "Buga COL"]
[Date "2009.06.06"]
[Round "6.2"]
[White "Ruiz Aguilar, Pablo Alexander"]
[Black "Sanchez, Victor Hugo"]
[Result "1-0"]
[WhiteElo "2212"]
[BlackElo "2251"]
[PlyCount "101"]
[EventDate "2009.06.03"]
[EventType "tourn"]
[EventRounds "9"]
[EventCountry "COL"]
[EventCategory "1"]
[Source "lmi"]
[SourceDate "2009.06.03"]

1. e4 c5 2. Nf3 d6 3. d4 cxd4 4. Nxd4 Nf6 5. Nc3 a6 6. Be2 e5 7. Nb3 Be7 8. O-O
O-O 9. a4 Be6 10. Be3 Nbd7 11. f3 Rc8 12. Rf2 Qc7 13. Bf1 Nb6 14. a5 Nc4 15.
Bxc4 Qxc4 16. Nc5 Bd7 17. Nxd7 Nxd7 18. Nd5 Bd8 19. b3 Qc6 20. Ra4 Nb8 21. Rd2
Qe8 22. Nb6 Bxb6 23. Bxb6 Qe7 24. Rxd6 h6 25. c4 Kh8 26. Ra2 Nc6 27. Rd7 Qh4
28. Rad2 f5 29. Re2 Qh5 30. Rxb7 Qg6 31. Rd7 Rf6 32. exf5 Qxf5 33. Qd3 Nd4 34.
Rxd4 exd4 35. Qxf5 Rxf5 36. Re4 d3 37. Kf2 Kg8 38. Ke3 Rg5 39. g3 Kf7 40. Kxd3
Re8 41. b4 Rh5 42. h4 Rf5 43. f4 h5 44. Rxe8 Kxe8 45. Bd4 g6 46. Be5 Kd7 47. b5
Rf8 48. Kc3 Ra8 49. Kb4 Kc8 50. c5 axb5 51. c6 1-0